|
|
|
|
| LEADER |
01113nam a22003014a 4500 |
| 001 |
31963 |
| 003 |
BD-DhAAL |
| 005 |
20211115113938.0 |
| 008 |
170806s2004 it a b 001 0 eng c |
| 999 |
|
|
|c 38231
|d 38231
|
| 010 |
|
|
|a 2005373945
|
| 020 |
|
|
|a 1904313299 (pbk.) :
|
| 040 |
|
|
|a UKM
|c UKM
|d CUY
|d DLC
|d BD-DhAAL
|
| 050 |
0 |
0 |
|a NA380
|b .H58 2004
|
| 082 |
|
|
|2 23
|a 720.91767
|
| 100 |
1 |
|
|a Hoag, John D.
|9 21896
|
| 245 |
1 |
0 |
|a Islamic architecture /
|c John D. Hoag.
|
| 260 |
|
|
|a Milano :
|b Electa Architecture,
|c 2004, c1973.
|
| 300 |
|
|
|a 203 p. :
|b ill. (some col.) ;
|c 24 cm.
|
| 490 |
1 |
|
|a History of world architecture
|
| 504 |
|
|
|a Includes bibliographical references (p. 191-192) and index.
|
| 526 |
|
|
|a ARC
|
| 541 |
|
|
|e 31963
|
| 650 |
|
0 |
|a Islamic architecture.
|9 21897
|
| 650 |
|
0 |
|a Architecture.
|9 42636
|
| 830 |
|
0 |
|a History of world architecture (Electa editrice)
|9 21898
|
| 942 |
|
|
|2 ddc
|c BK
|
| 952 |
|
|
|0 0
|1 0
|2 ddc
|4 0
|6 720_917670000000000_HOA
|7 0
|9 60960
|a BRACUL
|b BRACUL
|c GEN
|d 2017-07-31
|e Development Book Agency
|g 10990.00
|l 4
|m 2
|o 720.91767 HOA
|p 3010031963
|r 2025-04-06
|s 2025-03-09
|t 1
|v 10990.00
|w 2017-07-31
|y BK
|